[Event "GER-chT U16 Girls"]
[Site "Magdeburg"]
[Date "2023.12.30"]
[Round "7.10"]
[White "Schmidt, Emelie"]
[Black "Einacker, Lina"]
[Result "1-0"]
[WhiteElo "1189"]
[BlackElo "1193"]
[PlyCount "71"]
[EventDate "2023.12.26"]
[EventType "team-swiss"]
[EventRounds "7"]
[EventCountry "GER"]
[SourceTitle "CB03_2024"]
[SourceDate "2024.01.17"]
[SourceVersion "1"]
[SourceVersionDate "2024.01.17"]
[SourceQuality "1"]
[WhiteTeam "Stuttgart Wolfbusch"]
[BlackTeam "Hamburger SK II"]
[WhiteTeamCountry "GER"]
[BlackTeamCountry "GER"]

1. d4 d5 2. Nf3 Nf6 3. Bf4 g6 4. e3 Bg7 5. Bd3 0-0 6. Nbd2 c5 7. c3 b6 8. h3 Nc6 9. Bb5 Bb7 10. Bd3 Rc8 11. 0-0 Nd7 12. e4 cxd4 13. exd5 Nce5 14. Be4 dxc3 15. bxc3 Rxc3 16. Qa4 a5 17. Rac1 Rxc1 18. Rxc1 Nxf3+ 19. Nxf3 Nc5 20. Qc4 Nxe4 21. Qxe4 Bxd5 22. Qd3 Bxa2 23. Qc2 Bd5 24. Bc7 Qd7 25. Bxb6 Bxf3 26. gxf3 a4 27. Kg2 Ra8 28. Qa2 a3 29. Bc5 Bb2 30. Rc2 Qd3 31. Rxb2 axb2 32. Qxa8+ Kg7 33. Bxe7 g5 34. Qf8+ Kg6 35. Qg8+ Kf5 36. Qxh7+ 1-0